LEADER 00932nam a2200289 i 4500 001 991002957609707536 005 20020503180318.0 008 000908s1966 it ||| | ita 035 $ab10438415-39ule_inst 035 $aEXGIL112672$9ExL 040 $aBiblioteca Interfacoltà$bita 082 0 $a843.7 100 1 $aLamartine, Alphonse :$cde$0176062 245 10$aGraziella /$cAlphonse de Lamartine 250 $a8. ed 260 $aModena :$bEdizioni paoline,$c1966 300 $a161 p. ;$c17 cm. 490 0 $aMaestri 500 $aTrad. G. Carlo Monti 500 $aTit. orig.: Graziella 700 1 $aMonti, G. Carlo 907 $a.b10438415$b21-02-17$c27-06-02 912 $a991002957609707536 945 $aLE002 Lett. I G 3$g1$i2002000500816$lle002$o-$pE0.00$q-$rl$s- $t0$u0$v0$w0$x0$y.i10509008$z27-06-02 996 $aGraziella$918716 997 $aUNISALENTO 998 $ale002$b01-01-00$cm$da $e-$fita$git $h0$i1